Normal view
MARC view
- Boylestad, Robert L, Nashelsky, Louis, Monssen, Franz J
Entry Personal Name
001 - CONTROL NUMBER
- control field: 65963
003 - CONTROL NUMBER IDENTIFIER
- control field: NUST
005 - DATE AND TIME OF LATEST TRANSACTION
- control field: 20210628203521.0
008 - FIXED-LENGTH DATA ELEMENTS
- fixed length control field: 210628|| aca||aabn | a|a d
040 ## - CATALOGING SOURCE
- Original cataloging agency: NUST
- Transcribing agency: NUST
100 ## - HEADING--PERSONAL NAME
- Personal name: Boylestad, Robert L, Nashelsky, Louis, Monssen, Franz J
670 ## - SOURCE DATA FOUND
- Source citation: Work cat.: (NUST): Boylestad, Robert L, Nashelsky, Louis, Monssen, Franz J, Electronic devices and circuit theory, laboratory manual to accompany, 2009
